zpět

Detail výsledku týmu

Stodola, Olomouc

Datum a čas kvízu

19 Celkem bodů Celkový počet nahraných bodů na tomto kvízu bez doplňovacích otázek.
12. Pořadí na kvízu Konečné umístění týmu na tomto kvízu.

Zaznamenané odpovědi

# Otázka Odpověď Body Výsledky
1. V pondělí byla v Praze na Lete... ruská zneškodněná vojenská technika 0
2. Nejvyšší unijní soud se postav... sýr feta 0
3. V pondělí vystoupil v pražské... Jeff Beck, Johnny Depp 0.5
4. Ve středu nám noční obloha nab... superúplněk (superměsíc) 1
5. V nejslavnější hokejové lize s... 1C 2D 3A 4B 0
6. V tomto tématu navážeme na náš... Agent Orange, Spolana Neratovice 0.5
7. Parovodní destilací nebo naklá... neroli 0
8. Vlajka na obrázku patří ostrov... Marshallovy ostrovy 0
9. Poznáte podle obrázku, o který... Orange Is the New Black (Holky za mřížemi), Netflix 0.5
10. Francouzská módní značka, její... Hermès 0